Clickstart! (Record no. 72192)
[ view plain ]
| 000 -LEADER | |
|---|---|
| fixed length control field | 01242cam a2200241 4500 |
| 001 - CONTROL NUMBER | |
| control field | ABS66444 |
| 008 - FIXED-LENGTH DATA ELEMENTS--GENERAL INFORMATION | |
| fixed length control field | 030303n2003 000 0 eng u |
| 035 ## - SYSTEM CONTROL NUMBER | |
| System control number | (Sirsi) u121479 |
| 100 ## - MAIN ENTRY--PERSONAL NAME | |
| Personal name | Richards, M. |
| 245 ## - TITLE STATEMENT | |
| Title | Clickstart! |
| 260 ## - PUBLICATION, DISTRIBUTION, ETC. | |
| Date of publication, distribution, etc. | 2003 |
| 490 ## - SERIES STATEMENT | |
| Series statement | Building |
| Volume/sequential designation | 258(8268) 31 January 2003, 43-45(3) |
| 520 ## - SUMMARY, ETC. | |
| Summary, etc. | Reviews the latest survey of contractors' websites which reveals that with a few exceptions the industry is failing to use the technology to its advantage. Points out that other areas like the service sector use the technology much more effectively. Argues that senior management is too often a barrier to more progress in this area. Highlights the few companies such as HBG which have websites that are highly rated and argues that this is often down to the fact that the look and content of the company's UK home page match with the multinational's other websites. With details of good aspects for company websites and a league table of the top 50 sites. |
| 590 ## - LOCAL NOTE (RLIN) | |
| Local note | ABS |
| 650 ## - SUBJECT ADDED ENTRY--TOPICAL TERM | |
| Topical term or geographic name entry element | INTERNET PORTALS |
| 650 ## - SUBJECT ADDED ENTRY--TOPICAL TERM | |
| Topical term or geographic name entry element | WEB SITES |
| 650 ## - SUBJECT ADDED ENTRY--TOPICAL TERM | |
| Topical term or geographic name entry element | SERVICE SECTOR |
| 650 ## - SUBJECT ADDED ENTRY--TOPICAL TERM | |
| Topical term or geographic name entry element | HBG |
| 650 ## - SUBJECT ADDED ENTRY--TOPICAL TERM | |
| Topical term or geographic name entry element | INTERNET MARKETING |
| 650 ## - SUBJECT ADDED ENTRY--TOPICAL TERM | |
| Topical term or geographic name entry element | BUILDING CONTRACTORS |
| 690 ## - LOCAL SUBJECT ADDED ENTRY--TOPICAL TERM (OCLC, RLIN) | |
| Topical term or geographic name as entry element | INFORMATION TECHNOLOGY-INTERNET |
| 942 ## - ADDED ENTRY ELEMENTS (KOHA) | |
| Suppress in OPAC | 0 |
| Withdrawn status | Lost status | Source of classification or shelving scheme | Damaged status | Not for loan | Home library | Current library | Shelving location | Date acquired | Total Checkouts | Full call number | Barcode | Date last seen | Copy number | Price effective from | Koha item type |
|---|---|---|---|---|---|---|---|---|---|---|---|---|---|---|---|
| Dewey Decimal Classification | London | London | Journal article | 03/03/2003 | ABS66444 | 121479-1001 | 06/08/2019 | 1 | 06/08/2019 | Journal article |